02392cam a2200373 i 45000010009000000050017000090080041000260100017000670200029000840400023001130410012001360420008001480500025001561000040001812450276002212640037004973000071005345000219006055000126008245200588009506550037015387000033015757000032016087000031016407000037016717000038017087000038017467000040017847000034018247100038018589420008018969520099019049990015020032043623820250319182009.0180409s2018 caua 6 000 1 eng  a 2018015811 a9781401278519 (hardback) aDLCbengcDLCerda aEnglish apcc00aPN6728.Z46bJ87 2018 aJurgens, Danewritereartist91424610aZero hour b: crisis in time c/ Dan Jurgens, writer ; Dan Jurgens, Jerry Ordway, Frank Fosco, Ken Branch, artists ; Gregory Wright, Stuart Chaifetz, colorists ; Gaspar, Starkings/Comicraft, letterers ; Dan Jurgens, Jerry Ordway & Brad Anderson, collection cover artists. 1aBurbank, CA :bDC Comics,c2018. a1 volume (various pagings) :bchiefly color illustrations ;c27 cm a"Superman created by Jerry Siegel and Joe Shuster - Superboy created by Jerry Siegel, by special arrangement with the Jerry Siegel family - Supergirl based on the characters created by Jerry Siegel and Joe Shuster" a"Originally published in single magazine form in SHOWCASE '94 8, 9 and ZERO HOUR: CRISIS IN TIME 4-0."--Title page verso. aOne of the most monumental crossovers in DC history is now collected in a brand-new hardcover with ZERO HOUR: CRISIS IN TIME! All of reality comes under attack when a mysterious force of entropy begins slowly erasing time itself--making its way from both the past and future toward the present! As history itself unravels around them, the heroes of the world--including Superman, Batman, Wonder Woman, The Flash, The Justice Society and the Titans--scramble to fix the broken timestream. But even if they stop the true source of the chaos, the world they save will never be the same! 0aComic books, strips, etc.923850 aOrdway, Jerryeartist924464 aFosco, Frankeartist924934 aBranch, Keneartist924935 aWright, Gregoryecolorist924692 aChaifetz, Stuartecolorist924936 aSaladino, Gaspareletterer924937 aStarkings, Richardeletterer924938 aAnderson, Bradeartist924939 aComicraft (Firm)eletterer924940 2lcc 00102lcc4070aTBSbTBSd2023-03-21l0oCOM-EN JURpB04415r2023-03-21t1w2023-03-21yCOMIC c3445d3445